Derecho Ambiental

Gardado en:
Detalles Bibliográficos
Autor Principal: González Márquez, José Juan (Author)
Formato: Libro
Idioma:Lingua castelá
Publicado: Ciudad de México Universidad Autónoma Metropolitana 1994
Subjects:
Tags: Engadir etiqueta
Sen Etiquetas, Sexa o primeiro en etiquetar este rexistro!

MARC

LEADER 00000nam a2200000 a 4500
001 UCK5552
003 CL-VaPUC
008 050805e19940000mx |||||||||||||||||spa|d
020 |a 9706205063 
082 0 4 |a 344.72046  |b GON  |2 21 
100 0 |a González Márquez, José Juan  |e author  |9 494374 
245 1 0 |a Derecho Ambiental 
300 |a 540 p 
942 |c BK 
945 |d 20050805 00:00:00  |a cmena 
260 |a Ciudad de México  |b Universidad Autónoma Metropolitana  |c 1994 
650 0 |a Derecho ambiental   |9 257835 
650 7 |a CONTAMINACION  |2 CL-VaPUC  |9 258139 
650 0 |a Contaminación atmosférica  |9 262775 
650 7 |a RESIDUOS TOXICOS  |2 CL-VaPUC  |9 376642 
650 7 |a CONTAMINACION ACUSTICA  |2 CL-VaPUC  |9 262853 
651 0 |a México  |9 255269 
583 |a last modification  |c 20171220 01:33:07  |k Rodrigo Vera 
999 |c 314058  |d 314056 
952 |0 0  |1 0  |4 0  |6 344_720460000000000_GON_1994  |7 0  |8 A  |9 385944  |a BIBDER  |b BIBDER  |d 2019-11-22  |i 4123298  |o 344.72046 GON 1994  |p 4123298  |r 2023-01-25  |w 2019-11-22  |y BK  |k DER